California ADR practice guide /
Saved in:
| Other Authors: | , , |
|---|---|
| Format: | Book |
| Language: | English |
| Published: |
Colorado Springs, Colo. :
Shepard's/McGraw-Hill,
c1992-
|
| Series: | California law series.
|
| Subjects: | |
| Tags: |
Add Tag
No Tags, Be the first to tag this record!
|
| LEADER | 01111nam a2200337 a 4500 | ||
|---|---|---|---|
| 001 | 005359803-2 | ||
| 005 | 20020606095253.2 | ||
| 008 | 930311m19929999cou b 001 0 eng | ||
| 010 | |a 93012866 | ||
| 020 | |a 0071723544 | ||
| 035 | 0 | |a ocm27412130 | |
| 035 | 0 | |a ocn406879412 | |
| 040 | |a DLC |c DLC |d MH-L | ||
| 043 | |a n-us-ca | ||
| 050 | 0 | 0 | |a KFC1093 |b .C35 |
| 082 | 0 | 0 | |a 347.794/09 |a 347.94079 |2 20 |
| 245 | 0 | 0 | |a California ADR practice guide / |c [edited by] Yaroslav Sochynsky, Mariah Baird ; [contributions by] Mark F. Anderson ... [et al.]. |
| 260 | |a Colorado Springs, Colo. : |b Shepard's/McGraw-Hill, |c c1992- | ||
| 300 | |a 1 v. ; |c 25 cm. | ||
| 490 | 1 | |a California law series | |
| 504 | |a Includes bibliographical references and index. | ||
| 650 | 0 | |a Dispute resolution (Law) |z California. | |
| 650 | 0 | |a Mediation |z California. | |
| 650 | 0 | |a Arbitration and award |z California. | |
| 655 | 7 | |a Looseleafs. |2 local | |
| 700 | 1 | |a Sochynsky, Yaroslav, |d 1946- | |
| 700 | 1 | |a Baird, Mariah, |d 1954- | |
| 700 | 1 | |a Anderson, Mark F., |d 1943- | |
| 830 | 0 | |a California law series. | |
| 988 | |a 20020608 | ||
| 906 | |0 DLC | ||


